000 00297nam a2200109Ia 4500
008 220204s9999 xx 000 0 und d
082 _a661.8.32
_bSCO
245 0 _aChlorine: Its manufacture, properties and uses
260 _aNew York
_bRobert E Krieger
_c1962
700 _aSconce, J S
942 _cBK
999 _c32412
_d32412